| 000 | 00809nam a22002057a 4500 | ||
|---|---|---|---|
| 999 |
_c9934 _d9934 |
||
| 003 | AR-CdUCM | ||
| 008 | 190328b ||||| |||| 00| 0 spa d | ||
| 040 |
_aMUNICIPALIDAD PROVINCIAL DEL CUSCO _cBIBLIOTECA MUNICIPAL DEL CUSCO |
||
| 082 |
_a985.009 / _bE32 /1945 |
||
| 100 |
_aEguiguren, Luis Antonio _925821 |
||
| 245 | _aEl mártir pescador José Silverio Olaya y los pupilos del Real Felipe / | ||
| 260 |
_aLima : _bImpr. Torres Aguirre, _c1945. |
||
| 300 |
_a232 paginas ; _c19 cm. |
||
| 440 |
_aColección Nuestros Heroes _926486 |
||
| 505 | _aContenido :Los héroes anónimos y los héroes populares --Loa ascendientes de Jose Olaya Radil --Andres Riquero y su sobrina Los hermanos Narciso Luis Colina ... | ||
| 650 |
_aHéroes _91336 |
||
| 650 |
_aPerú _935 |
||
| 942 |
_2ddc _cLIBROS |
||
| 945 | _arjall | ||